000 01362nam a2200337Ia 4500
001 ebr10052967
003 CaPaEBR
006 m u
007 cr cn|||||||||
008 840830s1984 ncu sb s001 0 eng d
010 _z 83012498
020 _z0807864048 (eBook)
020 _z0807815268
020 _z0807841412 (pbk.)
040 _aCaPaEBR
_cCaPaEBR
035 _a(OCoLC)54359201
050 1 4 _aF216
_b.P47 1984eb
100 1 _aPerman, Michael.
245 1 4 _aThe road to redemption
_h[electronic resource] :
_bSouthern politics, 1869-1879 /
_cby Michael Perman.
260 _aChapel Hill :
_bUniversity of North Carolina Press,
_cc1984.
300 _axiv, 353 p.
490 1 _aThe Fred W. Morrison series in Southern studies
504 _aIncludes bibliographical references (p. [325]-339) and index.
533 _aElectronic reproduction.
_bPalo Alto, Calif. :
_cebrary,
_d2009.
_nAvailable via World Wide Web.
_nAccess may be limited to ebrary affiliated libraries.
650 0 _aReconstruction.
651 0 _aSouthern States
_xPolitics and government
_y1865-1950.
655 7 _aElectronic books.
_2local
710 2 _aebrary, Inc.
830 0 _aFred W. Morrison series in Southern studies.
856 4 0 _uhttp://site.ebrary.com/lib/rucke/Doc?id=10052967
_zAn electronic book accessible through the World Wide Web; click to view
999 _c65109
_d65109